000
00334nam a2200145Ia 4500
008
230917s9999||||xx |||||||||||||| ||und||
040
_e
210045
_a
MAIN
041
_a
English
082
_a
363.325 S37T
100
_a
Sheetal
245
0
_a
Terrorism origin, growth and solutions
260
_c
2012
300
_a
100 p.
942
_c
TH
999
_c
126034
_d
126034